000 00323nam a2200109Ia 4500
008 171204s9999 xx 000 0 und d
245 _aDoing Social Psychology Research:
245 _cGlynis M. Breakwell
260 _c2015
650 _xADVANCED RESEARCH METHODS 1
856 _uhttp://down.ebook777.com/003/DoiSocPsyRes.pdf
999 _c346884
_d346884